Suosituimmat mökkipaikkakunnat - Statistics

Yleistilastot
  • Tätä visaa on pelattu 216 kertaa
  • Keskiarvotulos 5 / 10
Vastaustilastot
Paikkakunta Kesämökkejä % Oikein
1 Kuopio 10 514
74%
2 Mikkeli 10 323
74%
4 Savonlinna 8 757
68%
7 Kuusamo 7 525
49%
8 Kouvola 7 499
41%
10 Salo 6 422
38%
5 Hämeenlinna 8 703
36%
3 Parainen 9 677
35%
9 Raasepori 6 878
30%
6 Lohja 8 258
27%
Ehtoja vastaavia visoja ei löytynyt
Tulosjakauma
Jokaisen tuloksen saaneiden osuus
Persentiili vastausten määrän mukaan
Tuloshistoriasi
Et ole pelannut tätä visaa